Normal view
MARC view
- Ryan, cornelius
Entry Personal Name
001 - CONTROL NUMBER
- control field: 46236
003 - CONTROL NUMBER IDENTIFIER
- control field: NUST
005 - DATE AND TIME OF LATEST TRANSACTION
- control field: 20210314133450.0
008 - FIXED-LENGTH DATA ELEMENTS
- fixed length control field: 210314|| aca||aabn | a|a d
040 ## - CATALOGING SOURCE
- Original cataloging agency: NUST
- Transcribing agency: NUST
100 ## - HEADING--PERSONAL NAME
- Personal name: Ryan, cornelius
670 ## - SOURCE DATA FOUND
- Source citation: Work cat.: (NUST): Ryan, cornelius, A bridge too far., c1974.
